Geography and History of Poland on a Map - Statistics

General Stats
  • This quiz has been taken 96 times
  • The average score is 33 of 100
Answers on the Map
Answers color-coded by a green-red scale on the quiz's map according to % correct below.
 
Answer Stats
Answer % Correct
Warsaw
100%
Kraków
95%
Gdańsk
88%
Łódź
82%
Wrocław
80%
Lublin
76%
Vistula
76%
Poznań
73%
Carpathian Mountains
69%
Oder
69%
Katowice
66%
Pomerania
66%
Nicolaus Copernicus
65%
Marie Curie
64%
Białystok
59%
Szczecin
58%
Lower Silesia
54%
Lesser Poland
51%
Masovia
51%
Bydgoszcz
50%
Lech Wałęsa
50%
Greater Poland
49%
Opole
49%
Frédéric Chopin
46%
Sudeten Mountains
43%
Toruń
43%
Suwałki
42%
Zakopane
41%
Vodka
39%
Elbląg
38%
Józef Piłsudski
38%
Robert Lewandowski
38%
Bug
36%
Olsztyn
36%
Pierogi
36%
Podlaskie
36%
Radom
36%
Barszcz
35%
Donald Tusk
35%
Malbork Castle
34%
Roman Polanski
34%
Tadeusz Kościuszko
34%
Tatra Mountains
34%
Zielona Góra
34%
Świętokrzyskie
32%
Gniezno
31%
Kielbasa
31%
Zamość
31%
Koszalin
30%
Wieliczka Salt Mine
27%
Bagel
26%
Battle of Grunwald
26%
Przemyśl
26%
Battle of Westerplatte
24%
Białowieża Forest
23%
Płock
23%
Robert Kubica
23%
Rysy
23%
Śniardwy
23%
Henryk Sienkiewicz
22%
Jan Matejko
22%
Pączki
22%
Siege of Kolberg
22%
Wawel Castle
22%
Wisława Szymborska
22%
Wojciech Jaruzelski
22%
Battle of Legnica
20%
Battle of Tannenberg
20%
L. L. Zamenhof
20%
Gleiwitz Incident
19%
Kamil Stoch
19%
Sandomierz
19%
Slovincian National Park
19%
Zapiekanka
19%
Gołąbki
18%
Kalisz
18%
Łazienki Park
18%
Maximilian Kolbe
18%
Oscypek
18%
Bigos
16%
Olga Tokarczuk
16%
Palace of Culture and Science
16%
Edward Śmigły-Rydz
15%
Mirosław Hermaszewski
15%
Jasna Góra Monastery
14%
Sigismund II Augustus
14%
Giant Mountains
12%
Operation Bagration
12%
Battle of the Bzura
11%
Wilanów Palace
9%
Marie Leszczyńska
8%
Książ Castle
7%
Arthur Rubinstein
5%
Marian Rejewski
5%
Battle of Kliszów
4%
Archcathedral Basilica of St. Peter and St. Paul
3%
Battle of Radzymin
3%
Gorlice–Tarnów Offensive
3%
Holy Trinity Church of Peace
3%
First Battle of the Masurian Lakes
1%
No matching quizzes found
Score Distribution
Percent of People with Each Score
Percentile by Number Answered
Your Score History
You have not taken this quiz